| 000 | 01888nam a2200553 i 4500 | ||
|---|---|---|---|
| 001 | 55365 | ||
| 003 | KOSZ 005 | ||
| 005 | 20210113075640.0 | ||
| 008 | 071206s2007 pl a f |000 0 pol | ||
| 015 | _aUWD 2008/19259 | ||
| 035 | _a991038846449705066 | ||
| 035 | _a(PL-WaBN)b20396569-48omnis_nlop | ||
| 035 | _ab20396569 | ||
| 035 | _a(OCoLC)749520162 | ||
| 035 | _a(PL)b0000002039656 | ||
| 035 | _a(EXLNZ-48OMNIS_NETWORK)9910005964605606 | ||
| 040 |
_aWA N _cWA N _dKOSZ 005/HR |
||
| 041 | 0 |
_apol _beng |
|
| 046 | _k2007 | ||
| 080 | _a624.014.2 | ||
| 080 | _a624.07 | ||
| 080 | _a621.791/.795 | ||
| 080 | _a519.86 | ||
| 100 | 1 |
_aSzlendak, Jerzy K. _eAutor |
|
| 245 | 1 | 0 |
_aModele obliczeniowe węzłów ramowych spawanych konstrukcji stalowych z rur prostokątnych / _cJerzy K. Szlendak. |
| 260 |
_aBiałystok : _bWydawnictwo Politechniki Białostockiej, _c2007. |
||
| 300 |
_a212 s. : _bil. ; _c23 cm. |
||
| 336 |
_aTekst _btxt _2rdacontent |
||
| 337 |
_aBez urządzenia pośredniczącego _bn _2rdamedia |
||
| 338 |
_aWolumin _bnc _2rdacarrier |
||
| 380 | _aKsiążki | ||
| 380 | _aPublikacje naukowe | ||
| 388 | _a2001- | ||
| 490 | 1 |
_aRozprawy Naukowe / Politechnika Białostocka, _x0867-096X ; _vnr 148 |
|
| 504 | _aBibliogr. s. 192-206. | ||
| 546 | _aStreszcz. ang. | ||
| 650 | 7 |
_aKonstrukcje stalowe _2DBN |
|
| 650 | 7 | _aMechanika budowli | |
| 650 | 7 | _aModele matematyczne | |
| 650 | 7 |
_aPołączenia konstrukcyjne _2DBN |
|
| 650 | 7 |
_aRury stalowe _2DBN |
|
| 650 | 7 |
_aZłącza spawane _2DBN |
|
| 658 | _aArchitektura i budownictwo | ||
| 658 | _aInżynieria i technika | ||
| 830 | 0 |
_aRozprawy Naukowe - Politechnika Białostocka _vnr 148 |
|
| 856 |
_uhttp://koha.tu.koszalin.pl/cgi-bin/koha/opac-detail.pl?biblionumber=55365 _yKatalog online BPK |
||
| 942 |
_2UKD _cKS |
||
| 999 |
_c55365 _d55365 |
||